000 00392nam a2200145Ia 4500
008 220216s9999 xx 000 0 und d
100 _aBalagopalan Nair M K
245 0 _aRubber plantation- A sustainable source of wood
260 _bIndian Rubber Industry
_c2001
300 _a14-15
650 _aRubber cultivation
650 _aRubber plantaiton
650 _aRubber wood
942 _cJS
999 _c67871
_d67871